01136cam a22002771 4500001001300000003000400013005001700017008004100034010001700075035001900092040005500111042001200166050002500178051001700203100003600220245008700256260004800343300005600391490005300447500014900500504003000649504003100679650005600710650004500766740004700811e 32000427 DLC20260227111222.0791114s1932 xx 000 0 eng c ae 32000427  a(OCoLC)5695931 aU.S. Office of Education LibrarycScCCdOCoLCdDLC apremarc00aL111b.A6 1932 no. 2 aLB2329b.E351 aEckelberry, Roscoe Huhn,d1891-14aThe history of the municipal university in the United States,cby R.H. Eckelberry. aWashington,bU.S. Govt. print. off.,c1932. aviii, 213 p.bincl. tables. front., plates.c23 cm.0 aU.S. Office of education. Bulletin, 1932,vno. 2 aAt head of title: United States Department of the interior. Ray Lyman Wilbur, secretary. Office of education. William John Cooper, commissioner. aBibliography: p. 199-213. aBibliographical footnotes. 0aMunicipal universities and collegeszUnited States. 0aUniversities and collegeszUnited States0 aMunicipal university in the United States.